=LDR 00000nam 2200000 4500 =001 $a INLIS000000000008384 =005 $a 20260604100902 =008 $a 260604###########################0#ind## =022 ##$$a 978-979-044-019-7 =035 ##$$a 0010-0626000011 =082 ##$$a 614 =084 ##$$a 614 EDB b =100 #$$a Edberg Mark =245 ##$$a Buku Ajar Kesehatan Masyarakat $b Teori Sosial dan Prilaku $c Edberg Mark =246 ##$$a =260 ##$$a Jakarta $b Buku Kedokteran EGC $c 2010 =300 ##$$a vii, 274 halaman $b - $c 24 cm $d =336 ##$$a =337 ##$$a =338 ##$$a =520 #$$a =650 #$$a Kesehatan Masyarakat =700 #$$a =740 ##$$a =856 ##$$a Perpustakaan kemendukbangga =Wor $a 1